[Event "11th European Senior"]
[Site "Courmayeur ITA"]
[Date "2011.04.11"]
[Round "6.19"]
[White "Norman,K"]
[Black "Kierzek,Mi"]
[Result "1-0"]
[WhiteElo "2172"]
[BlackElo "2044"]

1.Nf3 d5 2.g3 Nf6 3.Bg2 e6 4.O-O Be7 5.c4 O-O 6.d4 b6 7.Nc3 Bb7 8.Ne5 Nbd7
9.Qa4 Nxe5 10.dxe5 Ne4 11.Nxe4 dxe4 12.Qc2 Qd4 13.Rd1 Qxe5 14.Bf4 Qc5 15.Rd7 Bd8
16.Bxe4 Bxe4 17.Qxe4 Bf6 18.Rxc7 Qb4 19.Rd1 Rac8 20.Bd6 Qa4 21.b3 Qa6 22.Rxc8 Rxc8
23.a4 h6 24.Bb4 Rc7 25.Bc3 Qc8 26.Bxf6 gxf6 27.Qd4 Kg7 28.Qg4+ Kh7 29.Qf4 Kg7
30.Rd6 Rd7 31.Qg4+ Kh7 32.Qd4 Rxd6 33.Qxd6 Qb7 34.Qf8 Qd7 35.h3 e5 36.Kh2 Qe6
37.Qa8 Qe7 38.Qd5 Kg7 39.a5 Qa3 40.axb6 axb6 41.Qb5 Qd6 42.Kg2 Qd4 43.Qd5 Qb2
44.Qf3 e4 45.Qe3 f5 46.Qxb6 Qxe2 47.Qe3 Qc2 48.c5 f6 49.b4 Qc4 50.Qd2 Kg6
51.Qd8 Qb3 52.Qd2 Qc4 53.Kh2 h5 54.Qb2 Qb5 55.Qc2 Qd3 56.Qc1 Qe2 57.Kg1 h4
58.gxh4 Qf3 59.Qe3 Qd1+ 60.Kh2 Qd7 61.Qg3+ Kf7 62.h5 Qd2 63.Qg6+ Ke7 64.Qxf5 Qxb4
65.c6 Qd6+ 66.Kg1 Qxc6 67.Qf4 Qe6 68.Kh2 f5 69.h6 Qg6 70.Qc7+ Kf8 71.h7 Qh6
72.Qc8+  1-0

[Event "13th Dubai Open"]
[Site "Dubai UAE"]
[Date "2011.04.11"]
[Round "2"]
[White "Pantsulaia,L"]
[Black "Pourkashiyan,A"]
[Result "1-0"]
[WhiteElo "2595"]
[BlackElo "2371"]

1.Nf3 d5 2.g3 Nf6 3.Bg2 c6 4.c4 dxc4 5.O-O g6 6.Na3 Be6 7.Ng5 Qd7 8.Qc2 Bg7
9.Nxe6 Qxe6 10.Qxc4 Nd5 11.d4 O-O 12.e4 Nc7 13.Be3 Nba6 14.Rfd1 Rfd8 15.d5 cxd5
16.exd5 Qd7 17.Qb3 b6 18.d6 exd6 19.Bxa8 Rxa8 20.Rd2 d5 21.Nc2 Rd8 22.Rad1 h5
23.h4 Nc5 24.Bxc5 bxc5 25.Qb7 a5 26.Qb6 Qd6 27.Qb7 a4 28.Rd3 Be5 29.Ra3 Ne6
30.Kg2 c4 31.Rf3 Rd7 32.Qb5 Kg7 33.Ra3 Nc5 34.Ne3 Rb7 35.Qa5 d4 36.Kg1 Bxg3
37.fxg3 Qxg3+ 38.Ng2 Nd3 39.Raxd3 cxd3 40.Qxa4 Qg4 41.Rd2 Kh7 42.Qc4 Qe4
43.b3 Rd7 44.Qxd3 Qe5 45.b4 Rc7 46.Qxd4 Rc1+ 47.Kf2 Qh2 48.Qf6 Qg1+ 49.Kg3 Rc7
50.Rd8  1-0

[Event "Zagreb Open B"]
[Site "Zagreb CRO"]
[Date "2011.04.11"]
[Round "1.12"]
[White "Vukovic,Ivo"]
[Black "Brajkovic,Z"]
[Result "1-0"]
[WhiteElo "2213"]
[BlackElo "1983"]

1.Nf3 d5 2.g3 c6 3.b3 Bf5 4.Bg2 Nf6 5.Bb2 Nbd7 6.O-O e6 7.d3 h6 8.c4 Bc5
9.Nbd2 O-O 10.Qc2 Rc8 11.a3 a5 12.Bc3 Qb6 13.b4 axb4 14.axb4 Bxb4 15.Rab1 c5
16.Bxb4 cxb4 17.Qb3 Qc5 18.Qxb4 b6 19.Qb2 Bg6 20.Rfc1 Ng4 21.Qd4 Qxd4 22.Nxd4 e5
23.Nb5 d4 24.Ra1 Nc5 25.Rcb1 e4 26.Nd6 exd3 27.Nxc8 Rxc8 28.exd3 Nxd3 29.Rxb6 Ngxf2
30.Rd6 Ng4 31.Rxd4 Ne3 32.Ra8 Rxa8 33.Bxa8 Kf8 34.Be4 Bxe4 35.Rxe4 Nf5 36.Nb3 Nb4
37.c5 Nc6 38.Kf2 h5 39.h3 Nfe7 40.Nd4 f5 41.Nxc6 fxe4 42.Nxe7  1-0

[Event "75th ch-BUL"]
[Site "Bankya BUL"]
[Date "2011.04.12"]
[Round "2.7"]
[White "Popchev,M"]
[Black "Nikolov,Sas"]
[Result "1/2-1/2"]
[WhiteElo "2465"]
[BlackElo "2429"]

1.Nf3 d5 2.g3 c6 3.Bg2 Bg4 4.O-O Nd7 5.d4 e6 6.b3 Ngf6 7.Bb2 Be7 8.c4 O-O
9.Nbd2 a5 10.a3 h6 11.Re1 Qb6 12.e4 Nxe4 13.Nxe4 dxe4 14.Rxe4 Bf5 15.Re1 Rfd8
16.Nd2 Bf6 17.c5 Qc7 18.b4 Be7 19.Nc4 axb4 20.axb4 Rxa1 21.Qxa1 Bd3 22.Ne3 Nf6
23.Qa3 Be4 24.f3 Bg6 25.Bc3 Nd5 26.Nxd5 Rxd5 27.f4 Rd8 28.Qb3 Bf6 29.Rd1 Qd7
30.Qb2 Ra8 31.Ra1 Rxa1+ 32.Qxa1 Bd3  1/2-1/2

[Event "11th European Senior"]
[Site "Courmayeur ITA"]
[Date "2011.04.12"]
[Round "7.26"]
[White "Antonelli,F"]
[Black "Norman,D"]
[Result "1-0"]
[WhiteElo "2100"]
[BlackElo "1924"]

1.Nf3 d5 2.g3 c6 3.Bg2 Nf6 4.O-O Bf5 5.d3 e6 6.Nbd2 h6 7.Re1 Be7 8.e4 Bh7
9.e5 Nfd7 10.Nf1 O-O 11.Qe2 Re8 12.Ne3 a5 13.h4 Na6 14.Bh3 Nac5 15.Ng2 a4
16.a3 Bf8 17.Nf4 b5 18.Bd2 Rc8 19.Kh2 Kh8 20.Rg1 Be7 21.Rae1 Nf8 22.Bb4 Ncd7
23.Bxe7 Qxe7 24.g4 c5 25.g5 Ng6 26.Nxg6+ fxg6 27.Qd2 h5 28.d4 c4 29.Re3 Rf8
30.Qa5 Rb8 31.Qb4 Qxb4 32.axb4 Bg8 33.Ra1 Nb6 34.Kg3 Kh7 35.Ne1 Rfe8 36.Ng2 Re7
37.Nf4 Ree8 38.b3 Re7 39.Bf1 Ra8 40.bxa4 Rxa4 41.Rxa4 Nxa4 42.Ra3 Bf7 43.Bh3 Kg8
44.c3 Kf8 45.Kf3 Kg8 46.Ke3 Kh7 47.Bf1 Ra7 48.Be2 Ra6 49.Bd1 Nc5 50.Rxa6 Nxa6
51.Bc2 Nc7 52.Nxh5 Kg8 53.Nf4 Kf8 54.Bxg6 Bxg6 55.Nxg6+ Kf7 56.h5 Ne8 57.f4 Nc7
58.Nh4 Kg8 59.f5 exf5 60.Nxf5 Kf8 61.Nd6 Kg8 62.g6 Kf8 63.Kf3 Ke7 64.Kg4 Kf8
65.Kf5 Ke7 66.h6  1-0

[Event "11th BCC Thailand Open"]
[Site "Pattaya THA"]
[Date "2011.04.12"]
[Round "3.7"]
[White "Sklyarov,D"]
[Black "Mohota,N"]
[Result "0-1"]
[WhiteElo "2415"]
[BlackElo "2324"]

1.Nf3 d5 2.g3 Nf6 3.Bg2 e6 4.O-O c5 5.d3 Nc6 6.Nbd2 Be7 7.e4 O-O 8.Re1 b5
9.a4 b4 10.exd5 exd5 11.d4 cxd4 12.Nb3 Bg4 13.Qd3 Bxf3 14.Bxf3 Rc8 15.Re2 Ne4
16.Bxe4 dxe4 17.Qxe4 Bf6 18.Bf4 Re8 19.Qxe8+ Qxe8 20.Rxe8+ Rxe8 21.Nc5 g5
22.Bd2 a5 23.Nd3 Ne5 24.Nxe5 Rxe5 25.Kf1 h6 26.h3 Kg7 27.Re1 Rc5 28.Rc1 Rd5
29.Ke1 Kg6 30.b3 Re5+ 31.Kf1 Kf5 32.g4+ Ke4 33.Ke2 Bd8 34.f3+ Kd5+ 35.Kd3 Re6
36.Rf1 Bc7 37.Bc1 Bf4 38.Bxf4 gxf4 39.h4 f6 40.Kd2 Re3 41.Rf2 d3 42.cxd3 Kd4
43.Kc2 Re1 44.Rd2 Ke3 45.d4 Kxf3 46.d5 Re7 47.d6 Rd7 48.Kd1 Kxg4 49.Ke2 Kf5
50.Kf3 Ke5 51.Re2+ Kxd6 52.Kxf4 Rc7 53.Kf5 Rc3 54.Re6+ Kd5 55.Rxf6 Rf3+ 56.Kg6 Rxf6+
57.Kxf6 Kd4 58.h5 Kc3 59.Kg6 Kxb3 60.Kxh6 Kxa4 61.Kg5 b3 62.h6 b2 63.h7 b1=Q
64.h8=Q Qc1+ 65.Kf5 Qc5+ 66.Ke4 Kb3 67.Qa1 Qc2+ 68.Kf4 a4 69.Kg5 a3 70.Kh5 a2
71.Kh6 Qb1 72.Qe5 Qc1+ 73.Kh5 a1=Q 74.Qb5+ Ka2 75.Qa6+ Qa3 76.Qc4+ Qb3 77.Qa6+ Kb2
78.Qe2+ Kc1  0-1

[Event "11th European Senior"]
[Site "Courmayeur ITA"]
[Date "2011.04.13"]
[Round "8.12"]
[White "Norman,K"]
[Black "Kierzek,Ma"]
[Result "1/2-1/2"]
[WhiteElo "2172"]
[BlackElo "2135"]

1.Nf3 d5 2.g3 e6 3.Bg2 Nf6 4.O-O Be7 5.c4 O-O 6.d4 dxc4 7.Qa4 a6 8.Qxc4 b5
9.Qc2 Bb7 10.Bf4 Nc6 11.Rd1 Nb4 12.Qc1 Nbd5 13.Nc3 Nxf4 14.gxf4 Ne4 15.Ne5 Nxc3
16.Qxc3 Bxg2 17.Kxg2 Qd5+ 18.Qf3 Qxf3+ 19.Kxf3 f5 20.Rac1 Bd6 21.Nd3 Rf6
22.h3 Rh6 23.Rh1 Rh4 24.e3 Rf8 25.Rc6 a5 26.Ne5 g5 27.Kg3 Rh5 28.fxg5 Rxg5+
29.Kf3 f4 30.e4 Bxe5 31.dxe5 Rxe5 32.Rg1+ Kh8 33.Rxc7 Rh5 34.Rh1 b4 35.h4 a4
36.Rc4 Rb5 37.Rg1 a3 38.bxa3 b3 39.axb3 Rxb3+ 40.Kg2 Rxa3  1/2-1/2

[Event "11th BCC Thailand Open"]
[Site "Pattaya THA"]
[Date "2011.04.13"]
[Round "4.10"]
[White "Stokke,K"]
[Black "Pitirotjirathon,J"]
[Result "0-1"]
[WhiteElo "2407"]
[BlackElo "2278"]

1.Nf3 d5 2.g3 Nf6 3.Bg2 c6 4.c4 e6 5.O-O Nbd7 6.d4 dxc4 7.Qc2 b5 8.b3 cxb3
9.axb3 Bb7 10.Nc3 a6 11.e4 c5 12.d5 e5 13.Nh4 g6 14.f4 Bg7 15.f5 O-O 16.Bf3 Ne8
17.Ng2 Nd6 18.g4 Rc8 19.Be2 b4 20.Na4 Nb5 21.Bc4 Nd4 22.Qf2 Nf6 23.Bg5 Qd6
24.Bxf6 Bxf6 25.h4 gxf5 26.exf5 e4 27.Ne3 Nf3+ 28.Kh1 Bxh4 29.Qe2 Bg5 30.Rg1 Bxe3
31.g5 Qf4  0-1

[Event "11th European Senior"]
[Site "Courmayeur ITA"]
[Date "2011.04.14"]
[Round "9.28"]
[White "Vrhovnik,D"]
[Black "Norman,D"]
[Result "1/2-1/2"]
[WhiteElo "2063"]
[BlackElo "1924"]

1.Nf3 d5 2.g3 Nf6 3.Bg2 c6 4.b3 Bf5 5.Bb2 e6 6.d3 h6 7.O-O Be7 8.c4 O-O 9.Nbd2 a5
10.a3 Na6 11.Rc1 Bh7 12.Rc2 Re8 13.Qa1 Nc5 14.Rfc1 Na6 15.Bc3 Rf8 16.e4 Re8
17.Ne5 Nc7 18.Ra2 Bf8 19.b4 axb4 20.axb4 Rxa2 21.Qxa2 d4 22.Ba1 Bxb4 23.Nb3 c5
24.Qa7 Qa8 25.Qb6 Na6 26.Bb2 Rd8 27.Na5 Bxa5 28.Qxa5 Nd7 29.Nxd7 Rxd7 30.Ba3 Qc8
31.Rb1 Rc7 32.Rb5 e5 33.f4 f6 34.fxe5 fxe5 35.h4 Bg6 36.Kh2 Be8 37.Bh3 Bd7
38.Bxd7 Qxd7 39.Bxc5 Qg4 40.Qa3 Qe2+ 41.Kh3 Qf1+ 42.Kg4 Qe2+ 43.Kh3 Qf1+  1/2-1/2

[Event "TCh-RUS Premier"]
[Site "Olginka RUS"]
[Date "2011.04.14"]
[Round "3"]
[White "Manukyan,SaV"]
[Black "Lintchevski,D"]
[Result "1/2-1/2"]
[WhiteElo "2272"]
[BlackElo "2539"]

1.Nf3 d5 2.g3 c6 3.Bg2 Bg4 4.O-O Nd7 5.d4 e6 6.Nbd2 Bxf3 7.Nxf3 Ngf6 8.c3 Bd6
9.Qb3 Qc7 10.Nd2 h5 11.e4 dxe4 12.Nxe4 Nxe4 13.Bxe4 h4 14.c4 Nf6 15.Bg2 Qb6
16.Qc2 Be7 17.Rd1 hxg3 18.hxg3 Qa5 19.Bf3  1/2-1/2

[Event "Zagreb Open A"]
[Site "Zagreb CRO"]
[Date "2011.04.14"]
[Round "4.8"]
[White "Sale,S"]
[Black "Gajewski,G"]
[Result "0-1"]
[WhiteElo "2380"]
[BlackElo "2567"]

1.Nf3 d5 2.g3 Nf6 3.Bg2 c6 4.O-O Bf5 5.d3 h6 6.c4 e6 7.Be3 Nbd7 8.Qb3 Qb8
9.cxd5 Nxd5 10.Bd4 N5f6 11.Nbd2 Be7 12.Nc4 O-O 13.Na5 Qc7 14.Bc3 Rab8 15.Rac1 Bg4
16.a3 e5 17.Qc2 Nd5 18.Bd2 Qd6 19.h3 Bh5 20.b4 f5 21.Nxb7 Rxb7 22.Qxc6 Qxc6
23.Rxc6 Bf7 24.Rfc1 Rb6 25.e4 fxe4 26.dxe4 Rxc6 27.Rxc6 N5f6 28.Rc7 Bd8 29.Rxa7 Bb6
30.Rb7 Rd8 31.Be1 Bc4 32.Bf1 Bxf1 33.Kxf1 Nxe4 34.Nxe5 Nxe5 35.Rxb6 Nc4 36.Ra6 Rd1
37.a4 Ncd2+ 38.Ke2 Nc3+ 39.Kd3 Nde4+ 40.Kc2 Rxe1 41.f3 Nd5 42.Ra8+ Kf7 43.fxe4 Nxb4+
44.Kb3 Rxe4 45.a5 Nc6 46.a6 Rb4+ 47.Kc3 Ra4 48.Kb3 Ra5 49.g4 Ke6 50.Kc4 Ke5
51.Rg8 Rxa6 52.Rxg7 Kf6 53.Rh7 Kg6 54.Rc7 Ne5+ 55.Kd5 Nf3 56.Rc3 Rf6 57.Ke4 Ng5+
58.Kd5 Rf3 59.Rc6+ Rf6 60.Rc3 Rf3 61.Rc6+ Kg7 62.h4 Nf7 63.Rc7 Kg6 64.Rc6+ Rf6
65.Rxf6+ Kxf6 66.g5+ Nxg5  0-1

[Event "Schackstudion GM"]
[Site "Lund SWE"]
[Date "2011.04.15"]
[Round "2"]
[White "Bejtovic,J"]
[Black "Smith,Ax"]
[Result "1/2-1/2"]
[WhiteElo "2415"]
[BlackElo "2452"]

1.Nf3 d5 2.g3 g6 3.Bg2 Bg7 4.O-O c5 5.c4 d4 6.d3 Nc6 7.a3 Nf6 8.b4 Nd7 9.Nbd2 O-O
10.Nb3 e5 11.Ng5 cxb4 12.axb4 Nxb4 13.Ne4 a5 14.Ba3 Ra6 15.Qd2 f5 16.Nec5 Nxc5
17.Nxc5 Rb6 18.Na4 Rbf6 19.Bxb4 axb4 20.Qxb4 e4 21.Rab1 Re8 22.Nb6 Rf7 23.Nxc8 Qxc8
24.Qb6 Re6 25.Qb5 Re5 26.Qb6 Re6 27.Qb3 Qc7 28.Rb2 Ree7 29.Qb6 Qxb6 30.Rxb6 Rf6
31.Rfb1 Rxb6 32.Rxb6 Kf7 33.g4 Be5 34.gxf5 gxf5 35.Bh3 exd3 36.exd3 Bc7 37.Rb5 f4
38.Kg2 b6 39.Rd5 Be5 40.Kf3 Kf6 41.Bg4 Ra7 42.Rb5 Rb7 43.c5 Bc7 44.Ke4 Rb8
45.c6 Re8+ 46.Kxd4 Re5 47.Rb1 Rc5 48.Bd7 Rc2 49.f3 Re2 50.h3 Re3 51.Bg4 h5
52.Bxh5 Re6 53.Rb5 Be5+ 54.Kc4 Rxc6+ 55.Kb4 Rd6 56.Ka4 Rd4+ 57.Rb4 Rxd3 58.Rxb6+ Bd6
59.Rb1 Rd4+ 60.Kb3 Rb4+ 61.Kc2 Rxb1 62.Kxb1 Ke5 63.Bg4 Be7 64.Bh5 Bd6 65.Bg4 Be7  1/2-1/2

[Event "11th BCC Thailand Open"]
[Site "Pattaya THA"]
[Date "2011.04.15"]
[Round "7.10"]
[White "Bakre,T"]
[Black "Swathi,G"]
[Result "1/2-1/2"]
[WhiteElo "2530"]
[BlackElo "2307"]

1.Nf3 d5 2.g3 Bg4 3.Bg2 Nd7 4.c4 e6 5.Qa4 Nf6 6.Ne5 Bf5 7.g4 Be4 8.f3 Bxb1
9.Rxb1 b5 10.Qxb5 Rb8 11.Qc6 Rb6 12.Qa4 Rb4 13.Qc6 Rb6  1/2-1/2

[Event "17th Schloss Open A"]
[Site "Werther GER"]
[Date "2011.04.15"]
[Round "2"]
[White "Gutman,L"]
[Black "Goecke,K"]
[Result "1-0"]
[WhiteElo "2430"]
[BlackElo "2202"]

1.Nf3 d5 2.g3 c6 3.Bg2 Bg4 4.O-O Nd7 5.a4 Ngf6 6.a5 e5 7.d4 Bd6 8.dxe5 Nxe5
9.Nxe5 Bxe5 10.c4 O-O 11.cxd5 Nxd5 12.Qb3 b5 13.Nd2 Be6 14.Qc2 Nb4 15.Qe4 Qd4
16.Qb1 Bf6 17.Ne4 Be7 18.Bg5 Rfe8 19.Rd1 Qe5 20.Bf4 Qh5 21.Bf3 Bg4 22.Bxg4 Qxg4
23.f3 Qe6 24.Bd6 Rad8 25.Bxb4 Bxb4 26.Qc2 Rxd1+ 27.Rxd1 Bxa5 28.Rd6 Bb6+
29.Kg2 Qe5 30.Qxc6 Rf8 31.Qc3 Qe7 32.Rd5 b4 33.Qd3 h6 34.b3 Re8 35.Rd7 Qe5
36.Qd5 Qxd5 37.Rxd5 Rc8 38.f4 Re8 39.Kf3 Kf8 40.g4 Rd8 41.Rb5 Rd4 42.Nf2 Rd2
43.Rxb4 Rb2 44.Nd3 Rb1 45.Rb5 g6 46.h4 Rf1+ 47.Ke4 Rg1 48.Ne5 Ke7 49.g5 Rh1
50.Nf3 hxg5 51.hxg5 Rd1 52.e3 f5+ 53.gxf6+ Kxf6 54.Ne5 Ke6 55.Nc4  1-0

[Event "Zagreb Open B"]
[Site "Zagreb CRO"]
[Date "2011.04.15"]
[Round "5.21"]
[White "Zelenika,Zoran"]
[Black "Zecevic,Dea"]
[Result "0-1"]
[WhiteElo "2058"]
[BlackElo "2215"]

1.Nf3 d5 2.g3 Nf6 3.Bg2 c5 4.O-O Nc6 5.d4 e6 6.c3 Bd6 7.Nbd2 O-O 8.dxc5 Bxc5
9.b4 Bd6 10.Bb2 e5 11.e4 Nxe4 12.Nxe4 dxe4 13.Ng5 Be7 14.Nxe4 Be6 15.Qe2 Qc7
16.h4 h6 17.Rfe1 Rfe8 18.Nd2 f6 19.Be4 Rad8 20.Nf1 Nb8 21.Ne3 Bf8 22.Bg6 Bf7
23.Be4 Nd7 24.Nd5 Qc8 25.c4 Nb6 26.Rac1 Nxd5 27.cxd5 Qd7 28.Red1 Bxb4 29.g4 Bd6
30.Qf3 Qe7 31.h5 Kf8 32.Rc2 Rc8 33.Rdc1 Rxc2 34.Rxc2 b6 35.Rc6 Bc5 36.Qf5 Rd8
37.Qh7 Qd7 38.Qh8+ Bg8 39.Re6 Qa4 40.Bh7 Qxg4+ 41.Kh2  0-1

[Event "ch-SRB w 2011"]
[Site "Belgrade SRB"]
[Date "2011.04.16"]
[Round "6"]
[White "Chelushkina,I"]
[Black "Manakova,M"]
[Result "1-0"]
[WhiteElo "2314"]
[BlackElo "2336"]

1.g3 d5 2.Nf3 Nf6 3.Bg2 c6 4.O-O Bg4 5.Ne5 Bh5 6.d4 e6 7.c4 Be7 8.Nc3 O-O
9.h3 Nfd7 10.cxd5 Nxe5 11.dxe5 cxd5 12.f4 Nc6 13.g4 Bg6 14.f5 exf5 15.gxf5 Bh5
16.Qxd5 Re8 17.Bf4 Qxd5 18.Nxd5 Bd8 19.Bh2 Bxe2 20.Rfe1 Nd4 21.Kf2 Ba6 22.Be4 Bh4+
23.Ke3 Bxe1 24.Rxe1 Nc6 25.Nc7 Rec8 26.e6 fxe6 27.fxe6 Bc4 28.Bxc6 bxc6 29.Nxa8 Rxa8
30.Kd4 Bxa2 31.Kc5 Bd5 32.Bd6 Re8 33.e7 Kf7 34.b4 Bg2 35.Re3 g6 36.h4 Bh1
37.Re2 h6 38.Rf2+ Ke6 39.Rf8 Kd7 40.Rf6 Be4 41.Kd4 Bc2 42.Bc5 h5 43.Rf2 Bf5
44.Ke5 Ra8 45.Rd2+ Ke8 46.Kf6 Be4 47.Rd6 Bf5 48.Rd4 a6 49.Bb6 Bd7 50.Bd8 Bf5
51.Ke5 Ra7 52.Rd6 Rd7 53.Rxc6 Rd1 54.Rxa6 Re1+ 55.Kd5 Bd3 56.Rf6 Kd7 57.Rd6+ Ke8
58.Kc5 Re5+ 59.Kd4 Re1 60.Rf6 Bb5 61.Rxg6 Kd7 62.Rg5 Be2 63.Re5 Ke8 64.Kc3  1-0

[Event "13th Dubai Open"]
[Site "Dubai UAE"]
[Date "2011.04.16"]
[Round "6"]
[White "Pantsulaia,L"]
[Black "Huschenbeth,N"]
[Result "1-0"]
[WhiteElo "2595"]
[BlackElo "2465"]

1.Nf3 d5 2.g3 g6 3.Bg2 Bg7 4.O-O Nf6 5.c4 c6 6.b3 Ne4 7.d4 O-O 8.Bb2 b5 9.cxd5 cxd5
10.Nfd2 Bb7 11.Nxe4 dxe4 12.e3 f5 13.Nc3 Qb6 14.b4 Nd7 15.Qb3+ Kh8 16.Rfc1 e5
17.a4 a6 18.Ne2 bxa4 19.Qxa4 Qd6 20.Qa5 Rfc8 21.Rd1 Qe7 22.Rac1 exd4 23.Bxd4 Ne5
24.Nf4 Bc6 25.h4 Bb5 26.h5 Nc6 27.Bxg7+ Qxg7 28.Qb6 g5 29.Ne6 Qf6 30.Nd4 Rab8
31.Qc5 Ne7 32.Qa7 Ba4 33.Re1 h6 34.Bf1 Rxc1 35.Rxc1 Qd6 36.Rc7 Re8 37.Nxf5  1-0

[Event "Zagreb Open B"]
[Site "Zagreb CRO"]
[Date "2011.04.16"]
[Round "7.9"]
[White "Dugandzic,B"]
[Black "Kukina,M"]
[Result "1-0"]
[WhiteElo "2210"]
[BlackElo "2034"]

1.Nf3 d5 2.g3 Nf6 3.Bg2 c6 4.O-O e6 5.d3 Be7 6.Nbd2 O-O 7.e4 Nbd7 8.e5 Ne8
9.d4 Qc7 10.Re1 b6 11.Nf1 Ba6 12.Bg5 Bxg5 13.Nxg5 h6 14.Nh3 Rc8 15.Ne3 f5
16.Nf4 Rf7 17.Nxe6 Qb8 18.Qh5 Nxe5 19.dxe5 Qxe5 20.Nxd5 Qxb2 21.Ne3 Qf6 22.Nf4 g5
23.Nd3 Qg7 24.Qd1 Rd8 25.Qc1 Bxd3 26.cxd3 c5 27.Bd5  1-0

[Event "TCh-CZE 2010-11"]
[Site "Czech Rep CZE"]
[Date "2011.04.17"]
[Round "11.2"]
[White "Biolek,R2"]
[Black "Jurcik,Mari"]
[Result "1-0"]
[WhiteElo "2433"]
[BlackElo "2471"]

1.Nf3 d5 2.g3 Nc6 3.d4 Bg4 4.Bg2 Qd7 5.h3 Bf5 6.c3 f6 7.b4 a6 8.Bf4 g5 9.Be3 h6
10.h4 Rh7 11.Nbd2 e6 12.Nb3 Be4 13.Kf1 b6 14.a4 a5 15.b5 Nce7 16.Bc1 Nc8
17.Nbd2 Bf5 18.e4 dxe4 19.Ng1 Nd6 20.g4 O-O-O 21.gxf5 exf5 22.Qb3 Ne7 23.Nc4 Nxc4
24.Qxc4 Nd5 25.Ne2 Kb8 26.Qc6 Rf7 27.Qxd7 Rfxd7 28.Ng3 f4 29.Nxe4 f5 30.Nd2 Nxc3
31.hxg5 hxg5 32.Nf3 Bg7 33.Nxg5 Rxd4 34.Bf3 Re8 35.Bb2 Rd2 36.Bxc3 Bxc3 37.Rc1 Bd4
38.Rh2 Ra2 39.Bd1 Bb2 40.Rb1 Bc3 41.Bb3 Rd2 42.Nf3 Rd3 43.Rd1 Rxd1+ 44.Bxd1 c6
45.bxc6 Re6 46.Rh4 Rxc6 47.Be2 Rc5 48.Rxf4 Rd5 49.Nh4 Bd2 50.Rxf5 Rd4 51.Nf3 Rf4
52.Rxf4 Bxf4 53.Nd4  1-0

[Event "13th Dubai Open"]
[Site "Dubai UAE"]
[Date "2011.04.17"]
[Round "8"]
[White "Minasian,Art"]
[Black "Ganguly,S"]
[Result "1/2-1/2"]
[WhiteElo "2558"]
[BlackElo "2643"]

1.Nf3 d5 2.g3 g6 3.Bg2 Bg7 4.c4 d4 5.O-O c5 6.d3 Nc6 7.a3 a5 8.e3 Nf6 9.exd4 cxd4
10.Nbd2 Nd7 11.Re1 Nc5 12.Ne4 Na6 13.b4 axb4 14.axb4 Ncxb4 15.Ba3 Rb8 16.Qd2 f5
17.Bxb4 Nxb4 18.Qxb4 fxe4 19.Rxe4 Bf6 20.Ne5 O-O 21.Nc6 bxc6 22.Qxb8 Bf5
23.Qb7 Bxe4 24.Bxe4 c5 25.Qb5 Qc7 26.Ra5 Rc8 27.Bb7 Rb8 28.Bd5+ e6 29.Bxe6+ Kf8
30.Qxc5+ Qxc5 31.Rxc5 Rb3 32.Rc7 Be7 33.Bg8 Kxg8 34.Rxe7 Rxd3 35.Rd7 Rd1+
36.Kg2 d3 37.Kf3 Rc1 38.Rxd3 Rxc4 39.Rd7 h5 40.h3 Ra4 41.Re7 Kf8 42.Rb7 Kg8
43.g4 Ra3+ 44.Kg2 hxg4 45.hxg4 Kf8 46.f3 Kg8 47.Kg3 Ra4 48.Re7 Kf8 49.Rc7 Kg8
50.Rb7 Kf8 51.Kh4 Ra5 52.f4 Rc5 53.Ra7 Rb5 54.g5 Rb3 55.Kg4 Kg8 56.Re7 Ra3
57.Rb7 Rc3 58.Rb8+ Kg7 59.Rb7+ Kg8 60.Rb8+ Kg7  1/2-1/2

[Event "ch-ISL"]
[Site "Egilsstadir ISL"]
[Date "2011.04.17"]
[Round "3"]
[White "Danielsen,Hen"]
[Black "Thorhallsson,T"]
[Result "1-0"]
[WhiteElo "2533"]
[BlackElo "2387"]

1.Nf3 d5 2.g3 c6 3.Bg2 Bg4 4.b3 Nd7 5.Bb2 Ngf6 6.c4 e6 7.O-O Bc5 8.d4 Be7
9.Nc3 O-O 10.Qc1 h6 11.Ba3 Re8 12.e3 Rc8 13.Qb2 a6 14.Rfc1 b5 15.Bxe7 Qxe7
16.Nd2 Bf5 17.a3 Bd3 18.Na2 Bg6 19.Nb4 a5 20.Na6 Nb8 21.cxb5 cxb5 22.Nc5 Qa7
23.Bf1 Qb6 24.b4 a4 25.Nb1 Ne4 26.Nxe4 Rxc1 27.Qxc1 Bxe4 28.Qc5 Nd7 29.Qxb5 Qc7
30.Nd2 Rb8 31.Qxa4 Qc3 32.Ra2 Nf6 33.Qb3 Qc1 34.Qb2 Qd1 35.Ra1 Qh5 36.Nxe4 Nxe4
37.b5 Ng5 38.Bg2 Nf3+ 39.Bxf3 Qxf3 40.a4 h5 41.Qc2 h4 42.Qd1 Qe4 43.Qh5 Qc2
44.Qxh4 Qb2 45.Rf1 Ra8 46.Qe7 g6 47.a5 Qxb5 48.Ra1 Kg7 49.Qc5 Qa6 50.h4 Ra7
51.e4 Rd7 52.e5 Rb7 53.Qc3 Rb8 54.Qd2 Ra8 55.h5 gxh5 56.Qg5+ Kf8 57.Qxh5 Rc8
58.Kg2  1-0

[Event "ch-ISL"]
[Site "Egilsstadir ISL"]
[Date "2011.04.17"]
[Round "3"]
[White "Gislason,G"]
[Black "Halldorsson,J"]
[Result "0-1"]
[WhiteElo "2291"]
[BlackElo "2195"]

1.Nf3 d5 2.g3 Bg4 3.Bg2 Nd7 4.c4 e6 5.Qa4 Nf6 6.Ne5 Bf5 7.Nc3 c6 8.d4 Nxe5
9.dxe5 Nd7 10.cxd5 exd5 11.O-O Be7 12.Rd1 O-O 13.e4 dxe4 14.Nxe4 Qc7 15.Nd6 Be6
16.Qe4 Bd5 17.Rxd5 cxd5 18.Qxd5 Nxe5 19.Nxb7 Ng6 20.Be3 Qe5 21.Qxe5 Nxe5
22.Na5 Rab8 23.Bxa7 Rxb2 24.Nb3 Bf6 25.Bd4 Rc2 26.a4 Rb8 27.Bd5 Nd7 28.Rd1 Bxd4
29.Nxd4 Rcb2 30.Kg2 Nb6 31.Nc6 Nxd5 32.Rxd5 Re8 33.a5 Ra2 34.Rb5 g6 35.Nd4 Rd8
36.Rb4 Rd6 37.Nb3 Rb2 38.Rd4 Rf6 39.Nd2 Ra2 40.Ne4 Rf5 41.Rd8+ Kg7 42.a6 Rxa6
43.Nd6 Rfa5 44.Ne8+ Kh6 45.Rd4 Ra4 46.Rd7 Ra7 47.Rxa7 Rxa7 48.Nf6 g5 49.h3 Kg6
50.Nd5 Rd7 51.Ne3 h5 52.g4 h4 53.Kf3 Rd4 54.Kg2 Kf6 55.Kf3 Ke5 56.Ke2 Rf4
57.Ng2 Ra4 58.Ne3 Ke4 59.Nf5 Ra3 60.Nd6+ Kf4  0-1

[Event "Norsk Open A"]
[Site "Fagernes NOR"]
[Date "2011.04.17"]
[Round "5"]
[White "Vaarala,E"]
[Black "Mirzoev,A"]
[Result "0-1"]
[WhiteElo "2167"]
[BlackElo "2571"]

1.g3 d5 2.Nf3 Nf6 3.Bg2 Bg4 4.O-O c6 5.d3 Nbd7 6.Nbd2 e5 7.b3 Bd6 8.e4 O-O
9.Bb2 Re8 10.Re1 a5 11.a4 Qc7 12.h3 Bh5 13.g4 Bg6 14.Nh4 dxe4 15.Nxg6 hxg6
16.dxe4 Rad8 17.Qe2 Nc5 18.Nc4 Ne6 19.Nxd6 Nf4 20.Qf3 Rxd6 21.Rad1 g5 22.Bc1 Nd7
23.Rxd6 Qxd6 24.Rd1 Qc7 25.Bf1 Nf8 26.Qc3 N8g6 27.Qd2 Qb6 28.Qd7 Ra8 29.Be3 Qb4
30.f3 Ne6 31.Qd6 Nd4 32.Qxb4 axb4 33.Bd3 Nf4 34.Bxd4 exd4 35.Bf1 c5 36.Kf2 f6
37.Kg3 Ng6 38.Bc4+ Kf8 39.Bd5 Ra7 40.Bc4 Ke7 41.Rh1 b6 42.Bb5 Ra8 43.Re1 Kd6
44.Rc1 Ke5 45.Ra1 Nf4 46.Rh1 Rh8 47.Bd3 Ng6 48.Ra1 Ra8 49.Rh1 Kd6 50.Rh2 Rh8
51.Rh1 Ne5 52.Be2 c4 53.bxc4 Kc5 54.f4 gxf4+ 55.Kxf4 Nxc4 56.Kf5 Rh6 57.Bd3 Ne3+
58.Kf4 g5+ 59.Kg3 Nc4 60.Rf1 Ne5 61.Rb1 Rh8 62.Bb5 Ng6 63.Rf1 Nf4 64.h4 Kd6
65.h5 Rc8 66.Rf2 Rc3+ 67.Kh2 Ke5 68.Kh1 b3 69.cxb3 d3 70.h6 Rc1+ 71.Kh2 Rc2
72.Kg3 d2 73.Rf1 Rc1 74.h7 Rxf1 75.h8=Q Rg1+ 76.Kf2 d1=Q 77.Qb8+ Kd4 78.Qxb6+ Kc3
79.Qxf6+ Kc2 80.Qc6+ Kb2 81.Qf6+ Ka2  0-1

[Event "12th TCh-RUS Women"]
[Site "Olginka RUS"]
[Date "2011.04.17"]
[Round "2"]
[White "Bezgodova,S"]
[Black "Ivkina,O"]
[Result "1-0"]
[WhiteElo "2147"]
[BlackElo "2289"]

1.Nf3 d5 2.g3 c5 3.Bg2 Nc6 4.d4 e6 5.O-O Qb6 6.c3 Nf6 7.a3 a5 8.a4 Bd7 9.Na3 cxd4
10.cxd4 Ne4 11.Bf4 Rc8 12.Nb5 Bb4 13.Qd3 O-O 14.h4 f6 15.Bh3 Kh8 16.Nc3 f5
17.Rfc1 Be8 18.Kg2 Bh5 19.Nb5 Bg4 20.Bxg4 fxg4 21.Ng5 e5 22.Be3 Nxg5 23.hxg5 e4
24.Qb3 Ne7 25.Bf4 Qe6 26.Rc7 Rxc7 27.Nxc7 Qf5 28.e3 Rd8 29.Rc1 Kg8 30.Qd1 h6
31.gxh6 g5 32.Bxg5 Rf8 33.Bf4 Kh7 34.Qe2 Rf6 35.Ne8 Rc6 36.Rxc6 bxc6 37.Qxg4 Qxg4
38.Nf6+ Kg6 39.Nxg4 c5 40.dxc5 Bxc5 41.Ne5+ Kh7 42.Nd7  1-0

[Event "TCh-SUI 2011"]
[Site "Switzerland SUI"]
[Date "2011.04.17"]
[Round "3.1"]
[White "Hickl,J"]
[Black "Milov,V"]
[Result "0-1"]
[WhiteElo "2572"]
[BlackElo "2653"]

1.g3 d5 2.Nf3 Nc6 3.Bg2 g6 4.d3 Bg7 5.O-O Nf6 6.c3 O-O 7.b4 a6 8.Qc2 h6 9.Bb2 e5
10.e4 dxe4 11.dxe4 Ne8 12.Nbd2 Nd6 13.a3 Be6 14.Rfe1 Qc8 15.c4 Bh3 16.c5 Nb5
17.a4 Bxg2 18.Kxg2 Nbd4 19.Nxd4 exd4 20.b5 Nd8 21.Nb3 Ne6 22.Qd3 Qd7 23.Ba3 Rfe8
24.Bb4 h5 25.Na5 h4 26.c6 bxc6 27.bxc6 Qc8 28.Rab1 Rb8 29.f3 Ng5 30.g4 Qe6
31.Bd2 Bh6 32.Bxg5 Bxg5 33.Rb7 Qf6 34.Rf1 h3+ 35.Kxh3 Kg7 36.Kg2 Rh8 37.Rh1 Be3
38.Rxb8 Qh4  0-1

[Event "17th Schloss Open A"]
[Site "Werther GER"]
[Date "2011.04.17"]
[Round "6"]
[White "Gazic,J"]
[Black "Weiler,D"]
[Result "1-0"]
[WhiteElo "2280"]
[BlackElo "2154"]

1.Nf3 d5 2.g3 c5 3.Bg2 Nc6 4.d4 e6 5.O-O cxd4 6.Nxd4 Bc5 7.Nb3 Bb6 8.N1d2 Nf6
9.c4 O-O 10.c5 Bc7 11.e4 dxe4 12.Nxe4 Nxe4 13.Bxe4 Qxd1 14.Rxd1 e5 15.Bg5 h6
16.Bxc6 bxc6 17.Be7 Re8 18.Bd6 Bb8 19.Na5 Bg4 20.Nxc6 Bxd1 21.Rxd1 Bxd6 22.cxd6 Re6
23.b4 a6 24.a4 Rf6 25.Rd2 e4 26.b5 axb5 27.axb5  1-0

[Event "XXV Catalunya Open"]
[Site "Barcelona ESP"]
[Date "2011.04.18"]
[Round "3"]
[White "Cardenas,Fernando Adrian"]
[Black "Lorenzo de la Riva,L"]
[Result "0-1"]
[WhiteElo "1883"]
[BlackElo "2378"]

1.Nf3 d5 2.g3 c6 3.Bg2 Bg4 4.O-O Nd7 5.d3 e6 6.Nbd2 Be7 7.Qe1 Ngf6 8.e4 O-O
9.e5 Ne8 10.Qe3 Bc5 11.d4 Be7 12.h4 c5 13.c3 Qb6 14.Re1 Nc7 15.b3 cxd4 16.cxd4 Rfc8
17.Bb2 Na6 18.Nh2 Bf5 19.g4 Bc2 20.h5 Nb4 21.Bf1 h6 22.a3 Nc6 23.Rac1 Bh7
24.f4 Nf8 25.Nhf3 Na5 26.b4 Rc6 27.Bc3 Nc4 28.Nxc4 dxc4 29.Bh3 a5 30.bxa5 Rxa5
31.Bxa5 Qxa5 32.Rc3 Bd3 33.Rxd3 cxd3 34.f5 d2 35.Rd1 Rc3 36.Qxd2 Qxa3 37.g5 Rxf3
38.f6 Bb4 39.Qc2 Rxh3 40.gxh6 Qg3+ 41.Qg2  0-1

[Event "34th Open"]
[Site "Donostia ESP"]
[Date "2011.04.18"]
[Round "3"]
[White "Venkatesh,M"]
[Black "Martin Alvarez,I"]
[Result "1-0"]
[WhiteElo "2455"]
[BlackElo "2316"]

1.Nf3 d5 2.g3 Nf6 3.Bg2 c6 4.b3 Bf5 5.Bb2 Nbd7 6.d3 e6 7.Nbd2 h6 8.O-O Be7
9.e4 dxe4 10.dxe4 Bh7 11.Qe2 O-O 12.Rfd1 Qc7 13.e5 Nd5 14.c4 Nb4 15.Ne4 c5
16.Nd6 a6 17.Nxb7 Qxb7 18.Ng5 Nc6 19.Nxh7 Rfd8 20.Nf6+ gxf6 21.exf6 Bf8 22.Qg4+ Kh8
23.Qh5 Kg8 24.Rd6 Bxd6 25.Qxh6 Bf8 26.Qg5+ Kh8 27.Be4  1-0